000 00678nam a22002057a 4500
005 20240909113041.0
010 _aENG-141689
020 _a9789382630043
_c750.00
035 _aEN-125221
037 _bDBAD
082 _a891.471
100 _aGopichand. P
_971291
245 _aThe Said and The Unsaid Things of Indian Fiction in English/
_cP. Gopichand
260 _aJaipur
_bAadi Publications
_c2013
270 _aF-11, S.S. Tower, Dhamani Street, Chaura Rasta,
_bJaipur
_e302003
_k0141-2311900
300 _acxv,214p.
_c22cm.(Hb)
_b,ill
500 _aIndian Fiction in English
700 _aP. Nagasuseela
_971292
942 _2ddc
_cEN
_h891.471
_mGOP
999 _c205701
_d205701